=LDR 00000nam 2200000 4500 =001 INLIS000000000043192 =005 20131008102354 =008 ***********************************Ing** =035 ##$$0010-101300000001114 =041 ##$$a Ing =082 ##$$a 418 =090 ##$$a 418, Wol b =100 ##$$a Wolf;jhon u =245 ##$$a Beginning Indonesian trough self instruetion, John U Wolf, Dede Oetomo, Daniel Fietlueumiez =260 ##$$a 1980 $b Jakarta =300 ##$$a ......jil, 23 cm =650 ##$$a Bhs Indonesia =650 ##$$a pelayanan unk oaranag asing =700 ##$$a Utama, Dede =850 ##$$a NBPNMAT